Statistics for Word Chain

Click here to take the quiz!

General Stats

  • This quiz has been taken 43 times
  • The average score is 9 of 15

Answer Stats

HintAnswer% Correct
"The Big Apple"New York
100%
Location of the Grand Canyon.Arizona
92%
Opposite of urban.Rural
92%
Country who's capital is Riga.Latvia
82%
"Toto, I've a feeling we're not in __ anymore.”Kansas
74%
Newest country in the world.South Sudan
71%
Last province to join Canada.Newfoundland and Labrador
63%
First word in the English Dictionary.Aardvark
53%
English leader of the First Crusade.Richard the Lionheart
53%
Warfare used by the Viet Cong.Guerrilla
50%
Capital city of Georgia (the country).Tbilisi
50%
Fighting style developed by the Ryukyu Kingdom.Karate
45%
Definition: "The gradual destruction or diminution of something."Erosion
42%
Actor who starred as Lenny in Grown Ups.Sandler
34%
Famous Korean folk song.Arirang
5%

Score Distribution

Percentile by Number Answered

Percent of People with Each Score

Your Score History

You have not taken this quiz